| 000 | 00792nam a2200229Ia 4500 | ||
|---|---|---|---|
| 001 | L223-4909 | ||
| 003 | IT-CnALBA | ||
| 008 | 170116s9999||||xx |||||||||||||| ||und|| | ||
| 040 |
_aIT-CnALBA _cIT-CnALBA |
||
| 041 | _aFRANCESE | ||
| 100 | _aDESNOYERS L. | ||
| 245 | 0 | _aLES PSAUMES. | |
| 250 | _a1a ed. | ||
| 260 |
_aBRUGES & PARIS _bDESCLEE DE BROUWER ET C. _c1935 [1° Ed.:1935 - Ed.Ling.Originale: 1935] |
||
| 300 | _a469 p. (prefazione: 79) | ||
| 500 | _aTRADUZIONE RITMATA SECONDO LA VERSIONE EBRAICA. | ||
| 501 | _aSocietà San Paolo EM - Piazza San Paolo, 14 - 12051 ALBA (CN) (non commercial uses only) ® Copyright 2017 | ||
| 520 | _aTRADUZIONE RITMATA SECONDO LA VERSIONE EBRAICA. | ||
| 650 | _aLIBRI POETICI ANTICO TESTAMENTO | ||
| 942 | _cBK | ||
| 957 | _71 | ||
| 999 |
_a5892 _bSI _g Copie: 1 _c264100 _d264100 |
||